| 000 | 00621nam a2200253Ia 4500 | ||
|---|---|---|---|
| 003 | OSt | ||
| 005 | 20230417091827.0 | ||
| 008 | 210423s2010 xx 000 0 und d | ||
| 020 | _a9788126914043 | ||
| 040 | _cAL | ||
| 041 | _aeng | ||
| 082 | _a330 MARA | ||
| 100 |
_aMARSHALL (Alfred) _988963 |
||
| 245 | _aPrinciples of economics | ||
| 250 | _a8 | ||
| 260 |
_aNew Delhi _bAtlantic Publishers and Distributors _c2010 |
||
| 300 |
_axliii,531 _bPB |
||
| 365 |
_b1200 _cINR |
||
| 440 | _v1 | ||
| 650 |
_aEconomics _988964 |
||
| 650 |
_aEconomics _988964 |
||
| 906 | _aeconomics ; Principles | ||
| 942 |
_2ddc _cBK |
||
| 999 |
_c159869 _d159869 |
||